| 000 | 00891nam a2200217 a 4500 | ||
|---|---|---|---|
| 001 | 38447 | ||
| 003 | BD-RjUL | ||
| 005 | 20211209052811.0 | ||
| 008 | 160721s1983 bg ||||| |||| 00| 0 ben d | ||
| 035 | _a(BD-RjUL)38552 | ||
| 040 |
_aBD-RjUL _beng _cBD-RjUL |
||
| 041 | _aben | ||
| 082 |
_223 _a891.71508 _bSHV 1983 |
||
| 245 | 1 | 0 |
_aশ্বেততুষার রক্তজবা : _bআধুুনিক রুশ কবিতা / _cঅনুবাদ সানাউল হক |
| 260 |
_aঢাকা : _bবাংলা একাডেমী, _c১৯৮৩ |
||
| 300 |
_a৪৪, ২১৫ পৃ. ; _c২১ সেমি. |
||
| 650 |
_aরুশ কবিতা _xবাংলায় অনুবাদ _y২০ শতক _9118728 |
||
| 650 |
_aRussian poetry _xTranslations into Bengali _y20th century _9118729 |
||
| 700 |
_aহক, সানাউল _9118730 |
||
| 942 |
_2ddc _cBK _01 |
||
| 999 |
_c38447 _d38447 |
||